European monetary integration : EMS developments and international post-maastricht perspectives
Αποθηκεύτηκε σε:
| Άλλοι συγγραφείς: | |
|---|---|
| Μορφή: | Βιβλίο |
| Γλώσσα: | English |
| Δημοσίευση: |
Berlin, New York :
Springer,
1996
|
| Έκδοση: | 3rd ed., rev. and enl. |
| Θέματα: | |
| Ετικέτες: |
Προσθήκη ετικέτας
Δεν υπάρχουν, Καταχωρήστε ετικέτα πρώτοι!
|
MARC
| LEADER | 00000nam a2200000 i 4500 | ||
|---|---|---|---|
| 001 | 1/57672 | ||
| 008 | 960520s1996 eng d | ||
| 020 | |a 3-540-60260-7 | ||
| 035 | |l 10028233 | ||
| 040 | |a GR-MY-UA |b gre |e aacr | ||
| 041 | 0 | |a eng | |
| 082 | 0 | |a 332.45094 | |
| 245 | 1 | 0 | |a European monetary integration : |b EMS developments and international post-maastricht perspectives / |c Edited by:Paul J.J.Welfens |
| 250 | |a 3rd ed., rev. and enl. | ||
| 260 | |a Berlin, New York : |b Springer, |c 1996 | ||
| 300 | |a 384 σ. | ||
| 504 | |a Περιλαμβάνει ευρετήριο | ||
| 610 | 1 | 0 | |a European Monetary System (Organization) |
| 650 | 0 | 0 | |a Monetary policy |z European Economic Community countries. |
| 700 | 1 | |a Welfens, Paul J. J. |4 edt | |
| 852 | |a INST |b CHIOS |e 19960520 |h 332.45094 WEL |p 005200008251 |q 005200008251 |t BK |y 0 | ||
| 909 | |a Χ |b 044725 | ||